000 00593nam a22001817a 4500
005 20130910113610.0
010 _aENG-108179
020 _a9789380831213
_c199.00
035 _aEN-91712
037 _bDBAD/PUB
082 _a540
100 _aSuguna, M.
245 1 0 _aA text book of university chemistry-lll :
_cby M. Suguna
_bB.Sc. (chemistry) paper-III /
260 _aHyderabad
_bStudentshelpline Publishing House
_c2012
270 _a326/C, Near BK Guda Park, Sr Nagar
_bHyderabad
_e500038
300 _avarious pagings :
_c23cm(pbk)
_bill.
942 _2ddc
_cEN
_mSUG
_h540
999 _c78174
_d78174